[Event "Calvia Amateur op 19th"]
[Site "Calvia"]
[Date "2022.10.15"]
[Round "8"]
[White "Mabille, Natacha"]
[Black "Ventura Bolet, Maxim"]
[Result "0-1"]
[WhiteElo "1920"]
[BlackElo "2274"]
[PlyCount "84"]
[EventDate "2022.10.08"]
[EventType "swiss"]
[EventRounds "9"]
[EventCountry "ESP"]
[SourceTitle "CBM 210 Extra"]
[Source "ChessBase"]
[SourceDate "2022.11.30"]
[SourceVersion "1"]
[SourceVersionDate "2022.11.30"]
[SourceQuality "1"]

1. e4 c5 2. Nf3 e6 3. d4 cxd4 4. Nxd4 a6 5. Nc3 Qc7 6. Be2 Nf6 7. 0-0 Be7 8. Be3 0-0 9. f4 d6 10. Qe1 b5 11. a3 Bb7 12. Bf3 Nbd7 13. Rd1 Rac8 14. g4 Nc5 15. Bc1 Rfe8 16. g5 Nfd7 17. Qg3 Bf8 18. Nde2 a5 19. Qg2 b4 20. axb4 axb4 21. Nb1 Qa5 22. c3 bxc3 23. Nbxc3 Qb6 24. Kh1 Nb3 25. Ng3 Nxc1 26. Rxc1 Nc5 27. Rfd1 Nb3 28. Rb1 Qe3 29. Nh5 Nd4 30. Rf1 Rxc3 31. bxc3 Nxf3 32. Rxb7 Ne1 33. Qg3 Qxe4+ 34. Kg1 Qxb7 35. Rxe1 Ra8 36. Qd3 Ra2 37. Re2 Ra1+ 38. Kf2 Qh1 39. Kg3 Rd1 40. Qe3 Qd5 41. Qf3 Rg1+ 42. Kf2 Rf1+ 0-1

[Event "Calvia Amateur op 19th"]
[Site "Calvia"]
[Date "2022.10.11"]
[Round "4"]
[White "Mabille, Natacha"]
[Black "Ventura Bolet, Alexandre"]
[Result "0-1"]
[WhiteElo "1920"]
[BlackElo "2229"]
[PlyCount "58"]
[EventDate "2022.10.08"]
[EventType "swiss"]
[EventRounds "9"]
[EventCountry "ESP"]
[SourceTitle "CBM 210 Extra"]
[Source "ChessBase"]
[SourceDate "2022.11.30"]
[SourceVersion "1"]
[SourceVersionDate "2022.11.30"]
[SourceQuality "1"]

1. e4 Nf6 2. e5 Nd5 3. c4 Nb6 4. d4 d6 5. exd6 cxd6 6. Nc3 g6 7. Be3 Bg7 8. Bd3 0-0 9. Nge2 Bg4 10. Qd2 Nc6 11. b3 Bxe2 12. Nxe2 d5 13. c5 Nd7 14. Rc1 e5 15. dxe5 Ndxe5 16. Bb5 Re8 17. 0-0 a6 18. Ba4 Ng4 19. Bf4 d4 20. Bxc6 bxc6 21. Bd6 Qh4 22. h3 Nh6 23. Rc4 Nf5 24. Rd1 Rad8 25. Bg3 Qe7 26. Nf4 h5 27. Nd3 Nxg3 28. fxg3 Qe3+ 29. Qxe3 dxe3 0-1

[Event "Calvia Amateur op 19th"]
[Site "Calvia"]
[Date "2022.10.10"]
[Round "3"]
[White "Asensio Ramos, Enrique Fernando"]
[Black "Mabille, Natacha"]
[Result "1/2-1/2"]
[WhiteElo "2137"]
[BlackElo "1920"]
[PlyCount "186"]
[EventDate "2022.10.08"]
[EventType "swiss"]
[EventRounds "9"]
[EventCountry "ESP"]
[SourceTitle "CBM 210 Extra"]
[Source "ChessBase"]
[SourceDate "2022.11.30"]
[SourceVersion "1"]
[SourceVersionDate "2022.11.30"]
[SourceQuality "1"]

1. d4 d5 2. Bf4 Nf6 3. e3 c5 4. c3 Nc6 5. Nf3 Qb6 6. Qc2 g6 7. Nbd2 Bf5 8. Qb3 c4 9. Qxb6 axb6 10. a3 b5 11. Rc1 Bg7 12. h3 0-0 13. g4 Be4 14. Nxe4 Nxe4 15. Bg2 h6 16. 0-0 g5 17. Bc7 e6 18. Rc2 f5 19. Nh2 Rf7 20. Bg3 Raf8 21. Bf3 Ne7 22. Bxe4 fxe4 23. f3 exf3 24. Bd6 Rd8 25. Bxe7 Rxe7 26. Rxf3 Rf8 27. Rcf2 Ref7 28. Rxf7 Rxf7 29. Nf3 Kf8 30. Kg2 Ke7 31. Re2 Kd6 32. e4 Re7 33. e5+ Kd7 34. h4 gxh4 35. Nxh4 Rf7 36. Ng6 Bf8 37. Kg3 Be7 38. Nxe7 Kxe7 39. Rh2 Rh7 40. Rf2 Rf7 41. Rh2 Rh7 42. Rh1 Rh8 43. g5 Rg8 44. Rxh6 Rxg5+ 45. Kf4 Rf5+ 46. Ke3 Rf1 47. Rh7+ Rf7 48. Rh1 Rf8 49. Ke2 Rf7 50. Kd2 Rf8 51. Kc2 Rf2+ 52. Kb1 Rf7 53. Rh8 Kd7 54. Ka2 Kc6 55. Re8 Kd7 56. Rb8 Kc7 57. Ra8 Kc6 58. Rd8 Kc7 59. Rd6 Re7 60. a4 bxa4 61. Ka3 Re8 62. Kb4 Re7 63. Kxa4 Re8 64. Kb4 Re7 65. b3 cxb3 66. Kxb3 Re8 67. Kc2 Kb8 68. Kb3 Kc7 69. c4 dxc4+ 70. Kxc4 Re7 71. Kd3 Re8 72. Ke3 Re7 73. Ke4 Re8 74. Ke3 Re7 75. Kf4 Rd7 76. Rxe6 Rxd4+ 77. Kf5 Rd7 78. Rh6 Rf7+ 79. Ke6 Rf1 80. Rh2 b5 81. Rc2+ Kb6 82. Kd6 b4 83. e6 Rd1+ 84. Ke7 Re1 85. Kd7 Kb5 86. Rc7 b3 87. e7 Kb4 88. Rb7+ Kc3 89. Rc7+ Kd2 90. Rb7 Kc2 91. e8Q Rxe8 92. Kxe8 b2 93. Rxb2+ Kxb2 1/2-1/2

[Event "EU-chT (Women) 22nd"]
[Site "Batumi"]
[Date "2019.10.27"]
[Round "4.15"]
[White "Mabille, Natacha"]
[Black "Cramling Bellon, Anna"]
[Result "0-1"]
[WhiteElo "1939"]
[BlackElo "2164"]
[PlyCount "68"]
[EventDate "2019.10.24"]
[EventType "team-swiss"]
[EventRounds "9"]
[EventCountry "GEO"]
[SourceTitle "CBM 192 Extra"]
[Source "Chessbase"]
[SourceDate "2019.11.06"]
[SourceVersion "1"]
[SourceVersionDate "2019.11.06"]
[SourceQuality "1"]
[WhiteTeam "Belgium (W)"]
[BlackTeam "Sweden (W)"]
[WhiteTeamCountry "BEL"]
[BlackTeamCountry "SWE"]

1. e4 c5 2. Nf3 e6 3. d4 cxd4 4. Nxd4 a6 5. Nc3 Qc7 6. a3 Nf6 7. Be2 b5 8. 0-0 Bb7 9. Qd3 Nc6 10. Bg5 Nxd4 11. Qxd4 Bc5 12. Qd3 Qe5 13. Bxf6 Qxf6 14. Bf3 Qe5 15. Rfd1 Bc6 16. b4 Be7 17. Ne2 0-0 18. Nd4 a5 19. Rab1 axb4 20. axb4 Ra4 21. Nxc6 dxc6 22. Qd7 Bxb4 23. Qxc6 g6 24. c4 Rb8 25. h3 Kg7 26. Be2 Bc5 27. Rxb5 Rxb5 28. cxb5 Rxe4 29. Bf3 Re1+ 30. Rxe1 Qxe1+ 31. Kh2 Bxf2 32. h4 Qg1+ 33. Kh3 Qh1+ 34. Kg4 Qxh4# 0-1

[Event "Lisbon Portugal op"]
[Site "Lisbon"]
[Date "2019.02.08"]
[Round "8"]
[White "Mabille, Natacha"]
[Black "Pacan Milej, Kosma"]
[Result "0-1"]
[WhiteElo "1896"]
[BlackElo "2273"]
[PlyCount "110"]
[EventDate "2019.02.02"]
[EventType "swiss"]
[EventRounds "9"]
[EventCountry "POR"]
[SourceTitle "CBM 188 Extra"]
[Source "ChessBase"]
[SourceDate "2019.02.26"]
[SourceVersion "1"]
[SourceVersionDate "2019.02.26"]
[SourceQuality "1"]

1. e4 c5 2. Nf3 d6 3. d4 Nf6 4. dxc5 Nxe4 5. cxd6 Nc6 6. Be3 Nxd6 7. Nc3 e6 8. Qd2 Be7 9. 0-0-0 0-0 10. Bc5 Nf5 11. Qxd8 Rxd8 12. Rxd8+ Bxd8 13. Bb5 Bd7 14. Rd1 Be8 15. Ne4 a6 16. Be2 Bc7 17. g4 Bf4+ 18. Kb1 Nfe7 19. Bd6 Ng6 20. Nc5 Bxd6 21. Rxd6 Rb8 22. Nd2 Kf8 23. Nde4 Ke7 24. Rd2 Nce5 25. Rd4 Nf4 26. Bd1 Bc6 27. Kc1 Rd8 28. Rb4 b5 29. a4 a5 30. Rb3 b4 31. Re3 f6 32. b3 h6 33. h3 Rd4 34. h4 Ng2 35. Re2 Nxh4 36. f4 Nxg4 37. Nxf6 Rxd1+ 38. Kxd1 Bf3 39. Nxg4 Bxg4 40. Nb7 Nf5 41. Kd2 Bxe2 42. Kxe2 Nd4+ 43. Kd3 Nc6 44. c3 bxc3 45. Kxc3 h5 46. Kd3 h4 47. Ke4 Nd4 48. Kxd4 h3 49. Nxa5 h2 50. Kc5 h1Q 51. b4 Qd5+ 52. Kb6 Qd4+ 53. Kb5 Qxf4 54. Nc6+ Kd7 55. a5 Kc7 0-1

[Event "BEL-ch U20"]
[Site "Blankenberge"]
[Date "2015.04.16"]
[Round "7"]
[White "Mabille, Natacha"]
[Black "Henrotte, Corenthin"]
[Result "1/2-1/2"]
[WhiteElo "1898"]
[BlackElo "1735"]
[PlyCount "60"]
[EventDate "2015.04.12"]
[EventType "tourn"]
[EventRounds "9"]
[EventCountry "BEL"]
[SourceTitle "CBM 166 Extra"]
[Source "ChessBase"]
[SourceDate "2015.06.18"]
[SourceVersion "1"]
[SourceVersionDate "2015.06.18"]
[SourceQuality "1"]

1. b3 d5 2. Bb2 Bf5 3. e3 e6 4. Nf3 Nf6 5. Bb5+ c6 6. Be2 Be7 7. c4 Nbd7 8. Nc3 h6 9. d4 0-0 10. 0-0 Qc7 11. h3 Rfd8 12. Bd3 Ne4 13. Qc2 Ndf6 14. Nd2 Nxd2 15. Qxd2 Bxd3 16. Qxd3 Rd7 17. Qe2 a6 18. c5 Rdd8 19. Na4 Nd7 20. f4 b5 21. Nc3 f5 22. g4 Nf6 23. g5 hxg5 24. fxg5 Qg3+ 25. Qg2 Qxe3+ 26. Kh2 Ne4 27. Nxe4 Qxe4 28. Rae1 Qxg2+ 29. Kxg2 Bxg5 30. Rxe6 Rac8 1/2-1/2

[Event "BEL-ch U20"]
[Site "Blankenberge"]
[Date "2015.04.15"]
[Round "6"]
[White "Lootens, Matthias"]
[Black "Mabille, Natacha"]
[Result "1-0"]
[WhiteElo "1916"]
[BlackElo "1898"]
[PlyCount "35"]
[EventDate "2015.04.12"]
[EventType "tourn"]
[EventRounds "9"]
[EventCountry "BEL"]
[SourceTitle "CBM 166 Extra"]
[Source "ChessBase"]
[SourceDate "2015.06.18"]
[SourceVersion "1"]
[SourceVersionDate "2015.06.18"]
[SourceQuality "1"]

1. e4 e5 2. Nf3 Nc6 3. Bc4 Bc5 4. d3 d6 5. c3 Nf6 6. Nbd2 Be6 7. Bb3 Qd7 8. Nc4 Bxc4 9. Bxc4 Na5 10. Bb3 Nxb3 11. Qxb3 Bb6 12. Be3 Qg4 13. Qa4+ c6 14. Bxb6 Qxg2 15. Ke2 Ke7 16. Be3 h6 17. Qb3 b6 18. Rag1 1-0

[Event "BEL-ch U20"]
[Site "Blankenberge"]
[Date "2015.04.13"]
[Round "2"]
[White "Mabille, Natacha"]
[Black "Wuytens, Robin"]
[Result "1-0"]
[WhiteElo "1898"]
[BlackElo "1795"]
[PlyCount "63"]
[EventDate "2015.04.12"]
[EventType "tourn"]
[EventRounds "9"]
[EventCountry "BEL"]
[SourceTitle "CBM 166 Extra"]
[Source "ChessBase"]
[SourceDate "2015.06.18"]
[SourceVersion "1"]
[SourceVersionDate "2015.06.18"]
[SourceQuality "1"]

1. b3 Nc6 2. Bb2 e5 3. e3 Nf6 4. Bb5 d6 5. Nf3 Bd7 6. d4 e4 7. Nfd2 d5 8. c4 a6 9. Ba4 b5 10. cxb5 Nxd4 11. Bxd4 axb5 12. Nc3 bxa4 13. Bxf6 gxf6 14. Nxd5 Bg7 15. Rc1 c6 16. Nf4 f5 17. Nc4 0-0 18. 0-0 Qc7 19. Qh5 Rfb8 20. Rfd1 axb3 21. axb3 Rxb3 22. Nd6 Be6 23. Nxf5 Rb5 24. g4 Bxf5 25. gxf5 Raa5 26. Rxc6 Qb8 27. Rdc1 Ra8 28. Qg4 Kh8 29. f6 Bf8 30. Rc8 Rg5 31. Qxg5 Qb2 32. Qg7# 1-0

[Event "EU-ch U18 Girls"]
[Site "Prague"]
[Date "2012.08.24"]
[Round "8"]
[White "Tarmastin, Laura"]
[Black "Mabille, Natacha"]
[Result "0-1"]
[WhiteElo "1747"]
[BlackElo "1853"]
[PlyCount "50"]
[EventDate "2012.08.17"]
[EventType "swiss"]
[EventRounds "9"]
[EventCountry "CZE"]
[SourceTitle "CBM 150 Extra"]
[Source "ChessBase"]
[SourceDate "2012.10.19"]
[SourceVersion "1"]
[SourceVersionDate "2012.10.19"]
[SourceQuality "1"]

1. e4 e5 2. Nf3 Nc6 3. Bc4 Nf6 4. d3 Bc5 5. c3 h6 6. Bb3 0-0 7. h3 d5 8. Qe2 Be6 9. Nbd2 Bb6 10. Bc2 Re8 11. Nf1 Qd6 12. Ne3 Rad8 13. Bd2 Ne7 14. 0-0 Ng6 15. exd5 Bxd5 16. Nxd5 Nxd5 17. g3 e4 18. dxe4 Qxg3+ 19. Kh1 Qxh3+ 20. Nh2 Ndf4 21. Bxf4 Nxf4 22. Qf3 Qxf3+ 23. Nxf3 Nd3 24. b3 Nxf2+ 25. Kg2 Nxe4 0-1

[Event "EU-ch U18 Girls"]
[Site "Prague"]
[Date "2012.08.21"]
[Round "5"]
[White "Mabille, Natacha"]
[Black "Zpevakova, Jana"]
[Result "0-1"]
[WhiteElo "1853"]
[BlackElo "1901"]
[PlyCount "118"]
[EventDate "2012.08.17"]
[EventType "swiss"]
[EventRounds "9"]
[EventCountry "CZE"]
[SourceTitle "CBM 150 Extra"]
[Source "ChessBase"]
[SourceDate "2012.10.19"]
[SourceVersion "1"]
[SourceVersionDate "2012.10.19"]
[SourceQuality "1"]

1. e4 e6 2. d4 d5 3. Nd2 c5 4. exd5 Qxd5 5. Ngf3 cxd4 6. Bc4 Qd6 7. 0-0 Nf6 8. Nb3 Nc6 9. Nbxd4 Nxd4 10. Qxd4 a6 11. Bf4 Qxd4 12. Nxd4 Bd7 13. Rac1 Rc8 14. Be2 Nd5 15. Bg3 Be7 16. c4 Nb4 17. a3 Nc6 18. Nxc6 Bxc6 19. b4 0-0 20. b5 axb5 21. cxb5 Bd5 22. a4 Bb4 23. Bc7 Ra8 24. Ra1 Ba5 25. Bxa5 Rxa5 26. Rfc1 Rfa8 27. Bf3 Bxf3 28. gxf3 g6 29. Rc4 Rxb5 30. Rc8+ Rxc8 31. axb5 Rc5 32. Rb1 b6 33. Rb4 Kf8 34. Kf1 Ke7 35. Ke2 Rd5 36. Ke3 Kd6 37. Rh4 h5 38. Rf4 f5 39. Rb4 Kc5 40. Rb1 e5 41. h3 Rd4 42. Rg1 f4+ 43. Ke2 Rd6 44. Rb1 Rd8 45. h4 Ra8 46. Rg1 Rg8 47. Rg5 Kd4 48. Kd2 e4 49. Ke2 e3 50. fxe3+ fxe3 51. f4 Ra8 52. Rxg6 Ra2+ 53. Ke1 Ke4 54. Rxb6 Kf3 55. Ra6 Rb2 56. Kd1 e2+ 57. Kc1 e1Q+ 58. Kxb2 Qb4+ 59. Ka2 Qxb5 0-1

[Event "EU-ch U18 Girls"]
[Site "Prague"]
[Date "2012.08.19"]
[Round "3"]
[White "Mabille, Natacha"]
[Black "Galunova, Tsveta"]
[Result "0-1"]
[WhiteElo "1853"]
[BlackElo "2091"]
[PlyCount "106"]
[EventDate "2012.08.17"]
[EventType "swiss"]
[EventRounds "9"]
[EventCountry "CZE"]
[SourceTitle "CBM 150 Extra"]
[Source "ChessBase"]
[SourceDate "2012.10.19"]
[SourceVersion "1"]
[SourceVersionDate "2012.10.19"]
[SourceQuality "1"]

1. e4 e5 2. Nf3 Nc6 3. Bb5 Nf6 4. 0-0 Bc5 5. c3 0-0 6. d4 Bb6 7. dxe5 Nxe4 8. Qd5 Nc5 9. Bg5 Ne7 10. Qd1 c6 11. Bc4 Bc7 12. Re1 Ne6 13. Bh4 d5 14. exd6 Qxd6 15. Qxd6 Bxd6 16. Rd1 Nf5 17. Bg3 Rd8 18. Bxd6 Nxd6 19. Bb3 Nc5 20. Bc2 Bf5 21. Bxf5 Nxf5 22. Na3 Kf8 23. Kf1 f6 24. Nc2 Na4 25. Ncd4 Nxd4 26. Nxd4 Kf7 27. Re1 c5 28. Nf3 g5 29. Re2 Rd7 30. Rc2 g4 31. Ne1 Rad8 32. b3 Nb6 33. c4 Rd2 34. Rac1 Ke6 35. h3 f5 36. Rxd2 Rxd2 37. Rc2 Rxc2 38. Nxc2 Ke5 39. Ke2 h5 40. hxg4 fxg4 41. Ke3 h4 42. f3 Kf5 43. Kf2 g3+ 44. Ke3 Nc8 45. Ne1 Ne7 46. f4 b6 47. Kf3 Nc6 48. Nd3 Nb4 49. Ne5 Nxa2 50. Nc6 Nc1 51. Nxa7 Nxb3 52. Nc8 Nd2+ 53. Ke2 Nxc4 0-1

[Event "EU-ch U18 Girls"]
[Site "Prague"]
[Date "2012.08.18"]
[Round "2"]
[White "Kuk, Nika"]
[Black "Mabille, Natacha"]
[Result "0-1"]
[WhiteElo "1557"]
[BlackElo "1853"]
[PlyCount "102"]
[EventDate "2012.08.17"]
[EventType "swiss"]
[EventRounds "9"]
[EventCountry "CZE"]
[SourceTitle "CBM 150 Extra"]
[Source "ChessBase"]
[SourceDate "2012.10.19"]
[SourceVersion "1"]
[SourceVersionDate "2012.10.19"]
[SourceQuality "1"]

1. e4 e5 2. Nf3 Nc6 3. d4 exd4 4. Nxd4 Nf6 5. Nxc6 bxc6 6. Bd3 d6 7. 0-0 Be7 8. Nc3 0-0 9. Re1 Ng4 10. Be2 Ne5 11. Be3 a5 12. f4 Ng6 13. Bf3 Rb8 14. Rb1 Bf6 15. Qd2 Ba6 16. g3 Qe7 17. b3 Rfd8 18. Na4 Bb5 19. Nb2 Bxb2 20. Rxb2 a4 21. c4 Ba6 22. Qc3 axb3 23. axb3 c5 24. h4 Nf8 25. Bf2 Qd7 26. Rd2 Bb7 27. Bxc5 Qe7 28. Bd4 f6 29. Bf2 Ne6 30. Rde2 Qf7 31. Kg2 Kh8 32. f5 Nf8 33. g4 Nd7 34. Bd4 Ne5 35. Bxe5 dxe5 36. Rd2 Qe7 37. Red1 Rxd2+ 38. Rxd2 c5 39. Kf2 Rd8 40. Re2 Kg8 41. Ke3 Kf7 42. Rg2 Rd4 43. Qc2 h6 44. Qb1 Qd6 45. g5 hxg5 46. hxg5 fxg5 47. Rxg5 Rd2 48. Rxg7+ Kxg7 49. Qg1+ Kf8 50. Be2 Qd4+ 51. Kf3 Qxg1 0-1

[Event "EU-ch U16 Girls"]
[Site "Albena"]
[Date "2011.09.14"]
[Round "4"]
[White "Mabille, Natacha"]
[Black "Kejzar, Petra"]
[Result "1-0"]
[WhiteElo "1848"]
[BlackElo "1571"]
[PlyCount "44"]
[EventDate "2011.09.11"]
[EventType "swiss"]
[EventRounds "9"]
[EventCountry "BUL"]
[SourceTitle "CBM 144 Extra"]
[Source "ChessBase"]
[SourceDate "2011.10.28"]
[SourceVersion "1"]
[SourceVersionDate "2011.10.28"]
[SourceQuality "1"]

1. e4 c5 2. Nf3 Nc6 3. d4 cxd4 4. Nxd4 Nf6 5. Nc3 e5 6. Ndb5 d6 7. Bg5 a6 8. Na3 b5 9. Nd5 Be7 10. Bxf6 gxf6 11. c3 f5 12. Bd3 Be6 13. Bc2 fxe4 14. Bxe4 Rc8 15. Bc2 f5 16. Qh5+ Kd7 17. Bxf5 Bg5 18. Qf7+ Ne7 19. Bxe6+ Kc6 20. Nb4+ Kb7 21. Bxc8+ Kxc8 22. Qe6+ Kb7 1-0

[Event "BEL-ch U16"]
[Site "Houffalize"]
[Date "2011.04.23"]
[Round "9"]
[White "Mabille, Natacha"]
[Black "Saligo, Laura"]
[Result "1/2-1/2"]
[WhiteElo "1812"]
[BlackElo "1758"]
[PlyCount "96"]
[EventDate "2011.04.17"]
[EventType "swiss"]
[EventRounds "9"]
[EventCountry "BEL"]
[SourceTitle "EXT 2012"]
[Source "ChessBase"]
[SourceDate "2011.11.24"]
[SourceVersion "1"]
[SourceVersionDate "2011.11.24"]
[SourceQuality "1"]

1. e4 d6 2. d4 Nf6 3. Nc3 Nbd7 4. f4 e5 5. Nf3 exd4 6. Qxd4 h6 7. Bc4 Be7 8. Be3 a6 9. h3 b5 10. Bb3 c5 11. Bxf7+ Kxf7 12. Qd3 Bb7 13. e5 c4 14. e6+ Kxe6 15. Qg6 Nf8 16. Qxg7 Rh7 17. Qg3 Qe8 18. 0-0-0 Bxf3 19. Qxf3 Rc8 20. Rde1 Qc6 21. Qg3 Kd7 22. Re2 Ne6 23. f5 Nc5 24. Bxc5 Qxc5 25. Rhe1 Qxf5 26. h4 Nh5 27. Qe3 Bxh4 28. Qa7+ Rc7 29. Qa8 Qg5+ 30. Kb1 Qd8 31. Qe4 Bxe1 32. Qxh7+ Kc8 33. Qf5+ Qd7 34. Qf8+ Kb7 35. Rxe1 d5 36. Qxh6 Qf7 37. Rd1 Rc6 38. Qg5 d4 39. Rxd4 b4 40. Qd8 Nf6 41. Ne4 Qe6 42. Qxf6 Qxf6 43. Nxf6 Rxf6 44. c3 bxc3 45. bxc3 Rf1+ 46. Kc2 Rf2+ 47. Rd2 Rf1 48. Kb2 Kc6 1/2-1/2

[Event "BEL-ch U16"]
[Site "Houffalize"]
[Date "2011.04.22"]
[Round "8"]
[White "Lagaert, Lisa"]
[Black "Mabille, Natacha"]
[Result "1/2-1/2"]
[WhiteElo "1876"]
[BlackElo "1812"]
[PlyCount "28"]
[EventDate "2011.04.17"]
[EventType "swiss"]
[EventRounds "9"]
[EventCountry "BEL"]
[SourceTitle "EXT 2012"]
[Source "ChessBase"]
[SourceDate "2011.11.24"]
[SourceVersion "1"]
[SourceVersionDate "2011.11.24"]
[SourceQuality "1"]

1. d4 d5 2. Bf4 c5 3. c3 Nc6 4. e3 Nf6 5. Nd2 Bf5 6. Ngf3 Qb6 7. Qb3 c4 8. Qxb6 axb6 9. a3 b5 10. Rc1 e6 11. Be2 Nh5 12. Bg3 Nxg3 13. hxg3 h6 14. Nh4 Bh7 1/2-1/2

[Event "BEL-ch U16"]
[Site "Houffalize"]
[Date "2011.04.19"]
[Round "4"]
[White "Barbier, Astrid"]
[Black "Mabille, Natacha"]
[Result "1/2-1/2"]
[WhiteElo "1661"]
[BlackElo "1812"]
[PlyCount "54"]
[EventDate "2011.04.17"]
[EventType "swiss"]
[EventRounds "9"]
[EventCountry "BEL"]
[SourceTitle "EXT 2012"]
[Source "ChessBase"]
[SourceDate "2011.11.24"]
[SourceVersion "1"]
[SourceVersionDate "2011.11.24"]
[SourceQuality "1"]

1. e4 e5 2. Nf3 Nc6 3. Bb5 a6 4. Ba4 Nf6 5. d3 b5 6. Bb3 Be7 7. c3 d6 8. h3 Na5 9. Bc2 c5 10. 0-0 0-0 11. Re1 Nc6 12. Nbd2 Re8 13. Nf1 Bf8 14. Ng3 g6 15. Bg5 h6 16. Be3 Bg7 17. Qd2 Kh7 18. Rf1 Ng8 19. Nh2 Nge7 20. Bb3 f5 21. f4 exf4 22. Bxf4 g5 23. Bxg5 hxg5 24. Qxg5 Bh6 25. Qh5 Rf8 26. Nxf5 Nxf5 27. exf5 Qg5 1/2-1/2